000 00378nam a2200169Ia 4500
001 17701
003 IN-NITTTR
005 20251114233207.0
008 251113s9999||||xx |||||||||||||| ||eng||
040 _beng
040 _cIN-NITTTR
041 _aeng
082 _a5
100 _aSystems, Weber
245 0 _aC language user's Handbook /
_cSystems, Weber
942 _2ddc
_cBK
999 _c20335
_d20335